000 00303nam a22001337a 4500
008 170203b xxu||||| |||| 00| 0 eng d
020 _a34422
041 _aeng
080 _25TH
_a61
100 _a3
101 _aSHM
245 _aMUSTARD'S INTRODUCTION TO PUBLIC HEALTH
_cGEORKE. L.S
942 _2udc
_cBK
999 _c4460
_d4460